[Event "Torredembarra op 19th"]
[Site "Torredembarra"]
[Date "2017.07.01"]
[Round "1"]
[White "Gonzalez Figueras, Carles"]
[Black "Castillo Dalmau, Albert"]
[Result "0-1"]
[WhiteElo "1693"]
[BlackElo "2258"]
[PlyCount "92"]
[EventDate "2017.07.01"]
[EventType "swiss"]
[EventRounds "9"]
[EventCountry "ESP"]
[SourceTitle "CBM 179 Extra"]
[Source "ChessBase"]
[SourceDate "2017.08.23"]
[SourceVersion "1"]
[SourceVersionDate "2017.08.23"]
[SourceQuality "1"]

1. e4 c5 2. Nf3 e6 3. d4 cxd4 4. Nxd4 Nc6 5. Nc3 Qc7 6. Be3 a6 7. Be2 Nf6 8. a3 Be7 9. Qd2 b5 10. 0-0 Bb7 11. f3 0-0 12. Nxc6 Bxc6 13. Rfd1 Rfd8 14. Bf1 d6 15. Qf2 Nd7 16. Rd2 Qb7 17. Rad1 Rac8 18. Qg3 Ne5 19. h4 Be8 20. h5 Nc4 21. Bxc4 Rxc4 22. Bd4 f6 23. h6 g6 24. Ne2 Bf7 25. Be3 Rdc8 26. c3 a5 27. e5 dxe5 28. Qf2 Be8 29. Ng3 f5 30. Nh5 f4 31. Nxf4 exf4 32. Bd4 Bc5 33. Qe2 Bxd4+ 34. Rxd4 Rxd4 35. Rxd4 Rc4 36. Qxe6+ Qf7 37. Rd6 Qxe6 38. Rxe6 Kf8 39. Rb6 Rc7 40. Rf6+ Rf7 41. Ra6 a4 42. Rb6 Ke7 43. Kf2 g5 44. c4 bxc4 45. Rb4 Rf6 46. Rxc4 Rxh6 0-1